| 000 | 00483nam a2200169Ia 4500 | ||
|---|---|---|---|
| 005 | 20250423095052.0 | ||
| 008 | 250422s9999 xx 000 0 und d | ||
| 020 | _a9788074650413 | ||
| 050 | _aD 804.49 .D57/ | ||
| 100 | _aMichal V. Simunek | ||
| 245 | 0 | _aDisappeared science: biographical dictionary of Jewish scholars from Bohemia and Moravia- victims of Nazism, 1939 - 1945 | |
| 260 | _aPraha | ||
| 260 | _bPavel Mervart | ||
| 260 | _c2013 | ||
| 300 | _a323 p | ||
| 942 | _cBK | ||
| 999 |
_c29145 _d29145 |
||